| 000 | 00544cam a2200193ua 4500 | ||
|---|---|---|---|
| 020 |
_a81 203 1474 3 _c295.00 |
||
| 041 |
_aeng _h |
||
| 082 |
_a628 _bSIN/EN |
||
| 100 | _aSincero, Arcadio P . | ||
| 245 |
_aEnvironmental engineering: A design approach / _cArcadio P Sincero. _hTextual Documents |
||
| 260 |
_aNew Delhi : _bPrentice Hall of India Pvt Ltd. , _c1999. |
||
| 300 | _a795 ; . | ||
| 365 | _a295.00 | ||
| 500 | _a** Reference | ||
| 504 | _a | ||
| 700 | 1 | _aSincero, Grogoria A . | |
| 942 | _cBK | ||
| 999 |
_c10303 _d10303 |
||